000 01229nam a2200205Ia 4500
001 b5555-37453
003 IT-MiCISF
008 161014s9999||||xx |||||||||||||| ||und||
040 _aIT-MiCISF
_cIT-MiCISF
041 _ait
100 _aPollo Mario
245 0 _aEccessiva-mente
_bUna ricerca sul vissuto dell'eccesso degli adolescenti e dei giovani, promossa dalle città di Ancona, Ferrara, Padova, Torino, Venezia
250 _a1a ed.
260 _a Milano
_bFranco Angeli
_c2002
300 _app. 352
500 _a / adolescenza, comportamento, disadattamento, giovani / L'indagine di questo libro vuole offrire uno sguardo in profondità su come gli adolescenti e i giovani di alcune città italiane (Torino, Padova, Venezia, Ferrara e Ancona) vivono il rapporto con il limite e con l'illimitato attraverso l'eccesso: è vero o falso che hanno perso il valore del limite? E' vero che l'eccesso costituisce una consuetudine nella loro vita? Tutto questo attraverso la descrizione narrativa dei loro vissuti dell'eccesso e del limite, quali sono emersi dalle interviste di gruppo che li hanno visti protagonisti.
650 _a Adolescenti e giovani / età-evolutiva
_e009
942 _cBK
957 _71
999 _a37453
_bsi
_g1
_c211580
_d211580